000 00710nam a2200205 i 4500
001 172632
003 ES-MaACL
005 20240128062949.0
008 090804s1964 fr |||| | fre d
080 _a821.133.1-31"18"
100 1 _aFlaubert, Gustave,
_d1821-1880
_951134
245 1 0 _aSalammbô /
_cGustave Flaubert ; chronologie et préface par Jacques Suffel.
260 _aParis :
_bGarnier-Flammarion,
_c1964.
300 _a311 p. ;
_c18 cm.
490 1 _aGF. Texte intégral ;
_v22
700 1 _aSuffel, Jacques.
_9141134
830 0 _aGF. Texte intégral ;
_v22
_9189099
852 4 _aES-MaACL
_jE-12918
_9R.139268
_z. - Biblioteca Jacinto Martínez Lacalle
999 _c172632
_d172632